Países del Trópico de Cáncer - Estadísticas

Estadísticas generales
  • Esta prueba ha sido intentada 13 veces
  • La puntuación promedio es 13 de 18
Estadísticas de respuestas
Respuesta % Correcto
India
100%
México
100%
Arabia Saudi
89%
Argelia
89%
Egipto
89%
Libia
89%
Marruecos
89%
China
78%
Birmania
67%
Chad
67%
Emiratos Árabes Unidos
67%
Mauritania
67%
Níger
67%
Omán
67%
Banglades
56%
Mali
44%
Bahamas
33%
Taiwán
33%
No se encontraron pruebas coincidentes
Distribución de puntuación
Porcentaje de gente con cada puntuación
Porcentaje por número respondido
Historial de tus puntuaciones
No has intentado esta prueba.